000 01135cam a22003011 4500
001 10061
003 BD-RjUL
005 20211208234903.0
008 140122s1945 enka f000 0 eng
035 _a(BD-RjUL)10108
035 _a(OCoLC)6276489
040 _aDLC
_cMH
_dDLC
_dBD-RjUL
_beng
041 _aeng
082 _a339.4
_bCOI 1945
110 2 _aCombined Production and Resources Board (United States, Great Britain and Canada)
_931052
245 1 4 _aThe impact of the war on civilian consumption in the United Kingdom, the United States and Canada;
_ba report to the Combined Production and Resources Board
_cfrom a Special Combined Committee on Non-food Consumption Levels.
260 _aLondon :
_bH.M. Stationary Off.,
_c1945.
300 _a163 p. :
_btables. ;
_c24 cm.
500 _aText on p. [2] of cover.
500 _aErrata slip inserted.
650 0 _aConsumers
_zUnited States.
_931049
650 0 _aConsumers
_zGreat Britain.
_912562
650 0 _aConsumers
_zCanada.
_931050
650 0 _aWorld War, 1939-1945
_xEconomic aspects
_910318
942 _2ddc
_cBK
999 _c10061
_d10061